000 00424nam a2200157Ia 4500
003 GCL
008 140319s9999 xx 000 0 eng d
040 _aGCL /
_cGCL
082 0 4 _aCH
_b030.4
_bW M
100 1 _aWALT DISNEY COMPANY
245 1 0 _aBOUDDHISME-CHAMPLAIN /
_cWALT DISNEY COMPANY
260 _a[S.N] :
_bLE LIVRE DE POCHE ،
_c1981
650 0 4 _aENCYCLOPEDIES
650 0 4 _aFRENCH ENCYCLOPEDIE
942 _2ddc
_cBK
999 _c12703
_d12703